000 00848nam a22002897a 4500
001 BR9901133
003 BR-BrBNA
005 20230928100230.0
007 ta
008 230509b bl.||||| |||| 00| 0 por d
040 _aBR-BrBNA
_bpor
_cBiblioteca Nacional de Agricultura
041 _a(Por)
072 _aQ02; Q04
_b0120
_b0336
090 _ 0120 BR9901133
100 1 _aBorges, G.G.
110 1 _aUniversidade Federal de Lavras, MG (Brasil)
_0Tese (Mestre em Ciencia dos Alimentos)
245 1 _aMingau desidratado de milho e soja
260 3 _aLavras, MG (Brasil):
_c1998.
300 _a90 p.
500 _a22 tables; 21 illus.; Summaries (Eng, Por); Bibliography p. 73-80
650 _aMilho
650 _aSoja
650 _aDesidratacao
650 _aComposicao Quimica
909 _a202309
_bLucia
_c55
_dLucia Elande
942 _cBK
999 _c60670
_d60670